000 00331nam a2200109Ia 4500
008 230907s9999||||xx |||||||||||||| ||und||
082 _a621.313
_bLEY
100 _aLeyzerovich, Alexander
_9118050
245 _aSteam turbines for modern fossil-fuel power plants /
_cAlexander Leyzerovich.
260 _c2019-09-27
942 _2ddc
_cEB
999 _c599670
_d599670